| 000 | 00655nam a22002057a 4500 | ||
|---|---|---|---|
| 999 |
_c10449 _d10449 |
||
| 008 | 180829b ||||| |||| 00| 0 eng d | ||
| 020 | _a9781260083378 | ||
| 082 |
_22017 _aDC 332.024 _bP432 |
||
| 100 |
_930665 _aKapoor, Jack R. |
||
| 245 |
_aPersonal finance/ _cJack R. Kapoor [and 3 others] |
||
| 250 | _a12th edition | ||
| 260 |
_aNew York: _bMc Graw-Hill Education, _cc2017. |
||
| 300 |
_avi, 792 pages: _billustrations; _c28 cm. |
||
| 500 | _aIncludes appendices and index. | ||
| 650 | 0 |
_930666 _aFinance, personal |
|
| 700 |
_930667 _aDlabay, Les R. |
||
| 700 |
_930668 _aHughes, Robert J. |
||
| 700 |
_930669 _aHart, Melissa M. |
||
| 942 |
_2ddc _cDC |
||